A tejtermelés és hústermelés alakulásának vizsgálata a Hódmezővásárhelyi Állami Gazdaság szarvasmarhaállományában
Elmentve itt :
| Szerző: | |
|---|---|
| További közreműködők: | |
| Dokumentumtípus: | Szakdolgozat |
| Megjelent: |
1972
|
| Kulcsszavak: | Szarvasmarha-tenyésztés Tejtermelés Hústermelés Hódmezővásárhely |
| Tárgyszavak: | |
| Online Access: | http://diploma.bibl.u-szeged.hu/97846 |
| LEADER | 00842nta a2200241 i 4500 | ||
|---|---|---|---|
| 001 | dipl97846 | ||
| 005 | 20220309103948.0 | ||
| 008 | 220223s1972 hu om 0|| zxx d | ||
| 040 | |a SZTE Diploma Repozitórium |b hun | ||
| 041 | |a zxx | ||
| 100 | 1 | |a Tóth István | |
| 245 | 1 | 2 | |a A tejtermelés és hústermelés alakulásának vizsgálata a Hódmezővásárhelyi Állami Gazdaság szarvasmarhaállományában |h [elektronikus dokumentum] / |c István Tóth |
| 260 | |c 1972 | ||
| 300 | |a 28 | ||
| 650 | 4 | |a Agrár | |
| 650 | 4 | |a Agricultural sciences | |
| 650 | 4 | |a Animal and Dairy science | |
| 695 | |a Szarvasmarha-tenyésztés | ||
| 695 | |a Tejtermelés | ||
| 695 | |a Hústermelés | ||
| 695 | |a Hódmezővásárhely | ||
| 700 | 1 | |a nincs megadva |e ths | |
| 856 | 4 | 0 | |u http://diploma.bibl.u-szeged.hu/id/eprint/97846/1/xxxx_toth_istvan.pdf |z Dokumentum-elérés |